Космическое приборостроение: сборник научных трудов III Всероссийского форума школьников, студентов, аспирантов и молодых ученых с международным участием , 8-10 апреля 2015 г., Томск

Xehetasun bibliografikoak
Egile korporatiboa: Национальный исследовательский Томский политехнический университет (ТПУ), Космическое приборостроение
Gaia:Доклады секции № 6 - на английском языке.
Сборник посвящен теоретическим и практическим аспектам космического приборостроения. Представлен широкий круг исследований аспирантов, студентов, молодых учёных и школьников.
Hizkuntza:errusiera
ingelesa
Argitaratua: Томск, Изд-во ТПУ, 2015
Gaiak:
Formatua: MixedMaterials Liburua
KOHA link:https://koha.lib.tpu.ru/cgi-bin/koha/opac-detail.pl?biblionumber=307874

MARC

LEADER 00000nam0a2200000 4500
001 307874
005 20231102002034.0
010 |a 9785438705550 
035 |a (RuTPU)RU\TPU\book\333181 
035 |a RU\TPU\book\269416 
090 |a 307874 
100 |a 20151027d2015 k y0rusy50 ca 
101 0 |a rus  |a eng 
102 |a RU 
105 |a a z 101zy 
200 1 |a Космическое приборостроение  |e сборник научных трудов III Всероссийского форума школьников, студентов, аспирантов и молодых ученых с международным участием , 8-10 апреля 2015 г., Томск  |f Национальный исследовательский Томский политехнический университет (ТПУ) 
210 |a Томск  |c Изд-во ТПУ  |d 2015 
215 |a 413 с.  |c ил. 
300 |a Доклады секции № 6 - на английском языке. 
320 |a Библиография в конце статей 
330 |a Сборник посвящен теоретическим и практическим аспектам космического приборостроения. Представлен широкий круг исследований аспирантов, студентов, молодых учёных и школьников. 
601 0 2 |a Национальный исследовательский Томский политехнический университет (ТПУ)  |b Институт неразрушающего контроля (ИНК)  |b Кафедра точного приборостроения (ТПС)  |h 63  |2 stltpush  |3 (RuTPU)RU\TPU\col\18717 
606 1 |a Космическое приборостроение  |2 stltpush  |3 (RuTPU)RU\TPU\subj\15875  |9 42079 
610 1 |a молодые специалисты 
610 1 |a подготовка 
610 1 |a малые космические аппараты 
610 1 |a проектирование 
610 1 |a Сатурн 
610 1 |a природные условия 
610 1 |a энергия 
610 1 |a емкостные накопители 
610 1 |a двигатели-маховики 
610 1 |a управление 
610 1 |a электронные системы 
610 1 |a электронные устройства 
610 1 |a элементы 
610 1 |a испытания 
610 1 |a неразрушающий контроль 
610 1 |a качество 
610 1 |a информационные технологии 
610 1 |a конструкторская документация 
610 1 |a молодежь 
610 1 |a космос 
610 1 |a форумы 
610 1 |a труды учёных ТПУ 
675 |a 629.785(063)  |v 3 
712 0 2 |a Национальный исследовательский Томский политехнический университет (ТПУ)  |c (2009- )  |2 stltpush  |3 (RuTPU)RU\TPU\col\15902 
712 1 2 |a Космическое приборостроение  |c форум  |d 3  |e Томск  |f 2015 
801 1 |a RU  |b 63413507  |c 20140115 
801 2 |a RU  |b 63413507  |c 20210623  |g RCR 
942 |c BK